| LEADER | 00991nam a2200181 4500 | ||
|---|---|---|---|
| 082 | |a 510.76 |b L250H | ||
| 100 | |a lê Hồng Đức | ||
| 245 | |a 40 đề kiểm tra trắc nghiệm Toán 12 / |c lê Hồng Đức... | ||
| 260 | |a H.: |b ĐHQG, |c 2008 | ||
| 300 | |a 203 tr.; |b 24 cm | ||
| 520 | |a v...v.. | ||
| 653 | |a Toán học | ||
| 942 | |2 ddc |c STK0 | ||
| 999 | |c 6980 |d 6980 | ||
| 952 | |0 0 |1 0 |2 ddc |4 0 |6 510_760000000000000_L250H |7 0 |8 500 |9 64798 |a qbu |b qbu |c D3 |d 2015-01-26 |o 510.76 L250H |p 6854.c1 |r 0000-00-00 |w 2015-01-26 |y STK0 | ||
| 952 | |0 0 |1 0 |2 ddc |4 0 |6 510_760000000000000_L250H |7 0 |8 500 |9 64799 |a qbu |b qbu |c D3 |d 2015-01-26 |l 1 |o 510.76 L250H |p 6854.c2 |r 2018-12-12 |s 2018-12-12 |w 2015-01-26 |y STK0 | ||
| 952 | |0 0 |1 0 |2 ddc |4 0 |6 510_760000000000000_L250H |7 0 |8 500 |9 64800 |a qbu |b qbu |c D3 |d 2015-01-26 |l 1 |o 510.76 L250H |p 6854.c3 |r 2018-12-12 |s 2018-12-12 |w 2015-01-26 |y STK0 | ||
| 952 | |0 0 |1 0 |2 ddc |4 0 |6 510_760000000000000_L250H |7 0 |8 500 |9 64801 |a qbu |b qbu |c D3 |d 2015-01-26 |l 1 |o 510.76 L250H |p 6854.c4 |r 2018-12-12 |s 2018-12-12 |w 2015-01-26 |y STK0 | ||